|
|
|
|
| LEADER |
01622cam a22002654a 4500 |
| 008 |
190123b ||||| |||| 00| 0 eng d |
| 999 |
|
|
|c 149348
|d 149348
|
| 010 |
|
|
|a 2010018743
|
| 020 |
|
|
|a 9780415483858
|
| 020 |
|
|
|a 9780415483858 (pbk. : alk. paper)
|
| 082 |
0 |
0 |
|a 302.2/22
|2 22
|
| 100 |
1 |
|
|a Spencer, Stephen.
|
| 245 |
1 |
0 |
|a Visual research methods in the social sciences :
|b awakening visions /
|c Stephen Spencer.
|
| 250 |
|
|
|a 1st ed.
|
| 260 |
|
|
|a London ;
|a New York :
|b Routledge,
|c 2011.
|
| 300 |
|
|
|a xv, 275 p. :
|b ill. ;
|c 24 cm.
|
| 504 |
|
|
|a Includes bibliographical references (p. [256]-270) and index.
|
| 505 |
0 |
|
|a The process of research and visual methods -- Visualising social life -- Mapping society : a sense of place -- Politics of identity in visual research -- Trends in visual analysis -- Towards a photographie féminine : photography of the city / Sarah Atkinson -- Photography as process / Roger Brown -- Studying images through images : a visual ethnography of María Lionza's cult in Venezuela / Roger Canals.
|
| 650 |
|
0 |
|a Visual sociology.
|
| 650 |
|
0 |
|a Social sciences
|
| 856 |
|
|
|3 View Text Content
|u https://books.google.co.in/books?id=lt55AgAAQBAJ&printsec=frontcover&dq=9780415483858&hl=en&sa=X&ved=0ahUKEwjP_Kzd3YPgAhXZTX0KHXMtA7QQ6AEIKjAA#v=onepage&q&f=false
|
| 942 |
|
|
|2 ddc
|c BK
|
| 906 |
|
|
|a 7
|b cbc
|c orignew
|d 1
|e ecip
|f 20
|g y-gencatlg
|
| 955 |
|
|
|b xj13 2010-05-07
|i xj13 2010-05-07 (telework)
|a xe14 2011-05-20 2 copies rec'd., to CIP ver.
|
| 952 |
|
|
|0 0
|1 0
|2 ddc
|4 0
|6 302_230720000000000_SPE_V
|7 0
|9 159562
|a MCJ
|b MCJ
|c ST1
|d 2011-12-13
|i 2625
|l 4
|o 302.23072 SPE/V
|p MCJ2625
|r 2019-01-22
|s 2018-08-23
|y BK
|